000 00627nam a22001817a 4500
003 OSt
005 20110920114813.0
008 110514t xxu||||| |||| 00| 0 eng d
020 _a0406021023
040 _aLDC
082 _a031 ENC
245 _aThe Encyclopaedia of forms and precedents Vol. 12 : Consumer Credit, Contracts for Services, Data protection, Deed, Agreements and Declarations /
250 _a5th ed. _
260 _aLondon :
_bButterworths,
_c1994-
300 _av;
942 _2ddc
_cREF
999 _c2002
_d2002